The Office Character Confusion Quiz Stats

 Plays Quiz Updated Jul 28, 2018

Score 0/12 Timer 02:00
32 Plays Today
% Correct
Nellie as Toby
95.1%
Dwight as Jim
94.6%
Michael as Darryl
94.2%
Michael as Jim
93.4%
Dwight as Kevin
92.7%
Jim as Dwight
92.4%
Michael as Angela
92.4%
Dwight as Stanley
90.7%
Dwight as Meredith
89.8%
Dwight as Pam
89.8%
Michael as Jo
89.3%
Michael as Phyllis
78.1%

You're not logged in!

Compare scores with friends on all Sporcle quizzes.
OR
Log In

Sporcle TV

Today on Sporcle TV


Watch our educational content, quiz creation guides, and fun videos on Sporcle TV.

Show Comments

Extras

Top Quizzes Today


Score Distribution

Your Account Isn't Verified!

In order to create a playlist on Sporcle, you need to verify the email address you used during registration. Go to your Sporcle Settings to finish the process.

Report this User

Report this user for behavior that violates our Community Guidelines.

Details: